| 000 | 00551nam a2200193Ia 4500 | ||
|---|---|---|---|
| 003 | OSt | ||
| 005 | 20240603125035.0 | ||
| 008 | 210210b1984 xxu||||| |||| 00| 0 eng d | ||
| 040 | _cAL | ||
| 041 | _aKannada | ||
| 082 | _aK894.3 USHH | ||
| 100 |
_aUSHA NAVARATNARAM. _9131754 _dಉಷಾ ನವರತ್ನರಾಂ |
||
| 245 |
_aHarasu ba nannanu. _bಹರಸು ಬಾ ನನ್ನನು |
||
| 260 |
_aBengaluru _bShri Rajalakshmi Prakashana _c1984 |
||
| 300 | _a280 | ||
| 690 |
_aKannada Fiction _9131755 |
||
| 906 | _aSG01862 | ||
| 942 |
_2ddc _cBK |
||
| 999 |
_c113321 _d113321 |
||